000
00252nam a2200097Ia 4500
008
240331s9999 xx 000 0 und d
082
_b
NEA
100
_a
Nead, L
245
0
_a
Myths of sexuality :
_b
representations of women in victorian Britain
942
_c
L
999
_c
1856
_d
1856